Can you name the country these cultures are from ? (Asia edition) - Statistics

General Stats
  • This quiz has been taken 103 times
  • The average score is 12 of 14
Answer Stats
Picture Answer % Correct
China
97%
China, Tibet
97%
India
97%
Japan
97%
South Korea
94%
Vietnam
92%
Mongolia
90%
Thailand
90%
Indonesia
86%
Pakistan
84%
Iraq
81%
Kazakhstan
78%
The Philippines
62%
Turkey
53%
No matching quizzes found
Score Distribution
Percent of People with Each Score
Percentile by Number Answered
Your Score History
You have not taken this quiz